The Minnesota connection / (Запис № 525690)
[ простий вигляд ]
| 000 -LEADER | |
|---|---|
| fixed length control field | 01409cam a2200325Ii 4500 |
| 001 - CONTROL NUMBER | |
| control field | minnesotaconnect00palm |
| 003 - CONTROL NUMBER IDENTIFIER | |
| control field | CaSfIA |
| 005 - DATE AND TIME OF LATEST TRANSACTION | |
| control field | 20210118185747.0 |
| 007 - PHYSICAL DESCRIPTION FIXED FIELD--GENERAL INFORMATION | |
| fixed length control field | cr|||| |
| 008 - FIXED-LENGTH DATA ELEMENTS--GENERAL INFORMATION | |
| fixed length control field | 780807s1978 nyuaf 000 0 eng d |
| 040 ## - CATALOGING SOURCE | |
| Original cataloging agency | OKD |
| Transcribing agency | OKD |
| Modifying agency | OCL |
| -- | OCLCQ |
| -- | BAKER |
| -- | CaSfIA |
| 020 ## - INTERNATIONAL STANDARD BOOK NUMBER | |
| International Standard Book Number | 0446900249 (pbk.) : |
| Terms of availability | $1.95 |
| 020 ## - INTERNATIONAL STANDARD BOOK NUMBER | |
| International Standard Book Number | 9780446900249 (pbk.) |
| 035 ## - SYSTEM CONTROL NUMBER | |
| System control number | (OCoLC)4115830 |
| 043 ## - GEOGRAPHIC AREA CODE | |
| Geographic area code | n-us--- |
| 050 #4 - LIBRARY OF CONGRESS CALL NUMBER | |
| Classification number | HQ316.M6 |
| Item number | P346 1978 |
| 082 04 - DEWEY DECIMAL CLASSIFICATION NUMBER | |
| Classification number | 364.153 |
| Item number | Pal |
| 100 1# - MAIN ENTRY--PERSONAL NAME | |
| Personal name | Palmquist, Al. |
| 245 14 - TITLE STATEMENT | |
| Title | The Minnesota connection / |
| Medium | [electronic resource] |
| Statement of responsibility, etc | Al Palmquist, with John Stone. |
| 260 ## - PUBLICATION, DISTRIBUTION, ETC. (IMPRINT) | |
| Place of publication, distribution, etc | New York : |
| Name of publisher, distributor, etc | Warner Books, |
| Date of publication, distribution, etc | 1978. |
| 300 ## - PHYSICAL DESCRIPTION | |
| Extent | 158 p., [8] leaves of plates : |
| Other physical details | ill. ; |
| Dimensions | 18 cm. |
| 506 ## - RESTRICTIONS ON ACCESS NOTE | |
| Standardized terminology for access restriction | Необхідна авторизація на https://archive.org/ (створення облікового запису безкоштовно) |
| 506 ## - RESTRICTIONS ON ACCESS NOTE | |
| Standardized terminology for access restriction | Необхідна авторизація на https://openlibrary.org/ (створення облікового запису безкоштовно) |
| 650 #0 - SUBJECT ADDED ENTRY--TOPICAL TERM | |
| Topical term or geographic name as entry element | Prostitution |
| Geographic subdivision | United States. |
| 650 #0 - SUBJECT ADDED ENTRY--TOPICAL TERM | |
| Topical term or geographic name as entry element | Church work with prostitutes. |
| 700 1# - ADDED ENTRY--PERSONAL NAME | |
| Personal name | Stone, John, |
| Relator term | joint author. |
| 856 41 - ELECTRONIC LOCATION AND ACCESS | |
| Uniform Resource Identifier | <a href="http://www.archive.org/details/minnesotaconnect00palm">http://www.archive.org/details/minnesotaconnect00palm</a> |
| Public note | Free eBook from the Internet Archive |
| 856 42 - ELECTRONIC LOCATION AND ACCESS | |
| Uniform Resource Identifier | <a href="http://www.openlibrary.org/books/OL10263937M">http://www.openlibrary.org/books/OL10263937M</a> |
| Public note | Additional information and access via Open Library |
| 942 ## - ADDED ENTRY ELEMENTS (KOHA) | |
| Koha item type | ЕКнига |
Немає доступних примірників.